| 000 | 00844nam a22002412 4500 | ||
|---|---|---|---|
| 001 | 0000019027 | ||
| 005 | 20151217145910.0 | ||
| 008 | 100831s xx 000 0 eng d | ||
| 020 | _a0830837021 : | ||
| 040 |
_aKABU _cKABU |
||
| 100 | 1 |
_aMcHugh, Adam S. _@0000178570 |
|
| 245 | 1 | 0 |
_aIntroverts in the church : _bfinding our place in an extroverted church / _cAdam S. McHugh. |
| 250 | _a1st ed. | ||
| 260 |
_aDowners Grove, IL. : _bInterVarsity, _c2009. |
||
| 300 | _a222 p. | ||
| 650 | 0 |
_aIntroversion _xReligious aspects _xChristianity. _@0000178571 |
|
| 650 | 0 |
_aIntroverts _xReligious life. _@0000178572 |
|
| 650 | 0 |
_aPersonality _xReligious aspects _xChristianity. _@0000149252 |
|
| 650 | 0 |
_aPsychology, Religious. _@0000147930 |
|
| 852 | 1 | _9p1498 KES | |
| 908 | _a100831 | ||
| 950 | _@1 | ||
| 999 |
_c3853 _d3853 |
||